000 00451nam a22001817a 4500
005 20231003125453.0
008 231003b |||||||| |||| 00| 0 eng d
020 _a9780130351364
082 _a620.0042
_bLOC-T
100 _aLockhart shawna
245 _aA tutorial guide to AutoCAD 2002
260 _aUSA
_bPearson education
_c2003
300 _a604
500 _aInclude Index
650 _aComputer
700 _aShawna lockhart
999 _c33746
_d33746